000 01017nam a2200289 i 4500
003 DO-SdBNP
005 20241115082534.0
007 ta
008 240403s1984 sp 000 j spa d
020 _a8429306900
040 _aDO-SdBNP
_bspa
_cBNPHU
_erda
082 _axx
_bD535
_222
100 1 _4aut.
_aDhotel, Jean-Claude
_979804
_d1925-1992
_eautor
245 1 0 _a¿Quién eres tú, Ignacio de Loyola? /
_cJean-Claude Dhotel ; traducción Felipe Pardo
264 1 _aSantander, España :
_bSal Terrae,
_c1984.
300 _a125 páginas,
_c21 cm.
336 _atexto
_btxt
_2rdacontent
337 _asin mediación
_bn
_2rdamedia
338 _avolumen
_bnc
_2rdacarrier
490 1 _aServidores y testigos
_v17
500 _aEdición especial autorizada a los PP. Jesuitas, República Dominicana.
534 _aQui es-tu, Ignace de Loyola? /
_cVie Chrétienne, Paris, 1981.
590 _aInventariado, 2024/ YL
700 1 _4trad.
_aPardo, Felipe
_etraductor
_985109
910 _aYLockward
942 _2ddc
_cLBS1
999 _c56234
_d56234